Krehký tovar s krehkými väzbami

Pevné postavenie slovenského sklárskeho priemyslu doma a v zahraničí. Konkurencieschopnosť vybraných komodít úžitkového skla. Oživenie predaja. Rozdielna efektívnosť jednotlivých výrobných odborov. Najúspešnejšie organizácie. Zdĺhavý schvaľovací proces privatizačných projektov. Vývoj vybraných ukazo...

Descripción completa

Guardado en:
Detalles Bibliográficos
Formato: Capítulo de libro
Lenguaje:eslovaco
Materias:
Etiquetas: Agregar Etiqueta
Sin Etiquetas, Sea el primero en etiquetar este registro!

MARC

LEADER 00000naa a2200000 4500
001 r018486
005 20221205101855.8
041 0 |a slo 
044 |a SK 
245 1 0 |a Krehký tovar s krehkými väzbami 
520 |a Pevné postavenie slovenského sklárskeho priemyslu doma a v zahraničí. Konkurencieschopnosť vybraných komodít úžitkového skla. Oživenie predaja. Rozdielna efektívnosť jednotlivých výrobných odborov. Najúspešnejšie organizácie. Zdĺhavý schvaľovací proces privatizačných projektov. Vývoj vybraných ukazovateľov v podnikoch odvetví ľahkého priemyslu. 
610 2 0 |a Slovensko 
610 2 0 |a 1993-2000 
610 2 0 |a priemysel ľahký 
610 2 0 |a priemysel sklársky 
610 2 0 |a konkurencieschopnosť 
610 2 0 |a odbyt 
610 2 0 |a efektívnosť 
610 2 0 |a privatizácia